Mapa cómico del teatro de la Guerra de Oriente [ (Record no. 93385)

MARC details
000 -LEADER
campo de control de longitud fija 00546nem a2200157 i 4500
001 - NÚMERO DE CONTROL
campo de control 93385
003 - IDENTIFICADOR DE NÚMERO DE CONTROL
campo de control ES-MaACL
005 - FECHA Y HORA DE LA ÚLTIMA TRANSACCIÓN
campo de control 20230906181207.0
007 - CAMPO FIJO DE DESCRIPCIÓN FÍSICA--INFORMACIÓN GENERAL
campo de control de longitud fija t|
008 - DATOS DE LONGITUD FIJA--INFORMACIÓN GENERAL
campo de control de longitud fija 050524q1856 sp ab | |0| ||spa d
245 00 - MENCIÓN DEL TÍTULO
Título Mapa cómico del teatro de la Guerra de Oriente [
Medio Material cartográfico] /
Mención de responsabilidad, etc. traducido del inglés por Don A.C.
260 ## - PUBLICACIÓN, DISTRIBUCIÓN, ETC.
Lugar de publicación, distribución, etc. Sevilla :
Nombre del editor, distribuidor, etc. [s.n.,
Fecha de publicación, distribución, etc. ca. 1856] (
Fabricante Carlos Santigosa)
300 ## - DESCRIPCIÓN FÍSICA
Extensión 1 mapa col. ;
Dimensiones 63 x 45 cm., pleg. en 21 x 14 cm.
650 #4 - PUNTO DE ACCESO ADICIONAL DE MATERIA--TÉRMINO DE MATERIA
Término de materia o nombre geográfico como elemento de entrada Guerra de Crimea, 1853-1856.
9 (RLIN) 166978
852 ## - LOCALIZACIÓN
Ubicación ES-MaACL
Número de control de estantería Fol-Laf-273
Holdings
Estatus retirado Estado de pérdida Estado de daño No para préstamo Colección Biblioteca de origen Biblioteca actual Ubicación en estantería Fecha de adquisición Fuente de adquisición Total de préstamos Signatura topográfica completa Código de barras Visto por última vez Precio de reemplazo Tipo de ítem Koha
        Colección de folletos Biblioteca del Ateneo de Madrid Biblioteca del Ateneo de Madrid Depósito folletos 17/01/2008     Fol-Laf-273 1097488 23/02/2023 23/02/2023 Folleto